000 00372nam a2200169Ia 4500
008 191121s9999||||xx |||||||||||||| ||und||
020 _a114002975
040 _aIMU-MPC
082 _aColumn-5
100 _aHMSO London
245 4 _aThe marine observer's handbook
260 _aLondon
260 _bHMSO London
260 _c1977
300 _avii, 157
942 _cBK
999 _c1961
_d1961